MARC

LEADER 00000nam0a2200000 4500
001 145526
005 20231031144116.0
035 |a (RuTPU)RU\TPU\book\157732 
090 |a 145526 
100 |a 20081018d1968 km y0rusy50 ca 
101 1 |a rus  |c eng 
102 |a RU 
105 |a a gj 001zy 
200 1 |a Биохимия растений  |e пер. с англ.  |f под ред. В. Л. Кретовича 
210 |a Москва  |c Мир  |d 1968 
215 |a 624 с.  |c ил. 
320 |a Библиография в конце глав. 
320 |a Предметный указатель: с. 601-617. 
610 1 |a растения 
610 1 |a биохимия 
610 1 |a биохимические процессы 
610 1 |a клетки 
610 1 |a ферменты 
610 1 |a рибосомы 
610 1 |a ядро 
610 1 |a клеточные мембраны 
610 1 |a митохондрии 
610 1 |a хлоропласты 
610 1 |a клеточная оболочка 
610 1 |a ультраструктура 
610 1 |a энзимология 
610 1 |a углерод 
610 1 |a моносахариды 
610 1 |a олигосахариды 
610 1 |a биогенез 
610 1 |a липиды 
610 1 |a белковый обмен 
610 1 |a аминокислоты 
610 1 |a коферменты 
610 1 |a минеральный обмен 
610 1 |a кислоты растений 
610 1 |a алкалоиды 
610 1 |a таннины 
610 1 |a кумарины 
610 1 |a этилен 
610 1 |a изопреноиды 
610 1 |a порфирины 
610 1 |a семена 
610 1 |a плоды 
610 1 |a клеточный рост 
610 1 |a развитие 
610 1 |a фотосинтез 
610 1 |a азот 
675 |a 57.04  |v 3 
702 1 |a Кретович  |b В. Л.  |4 340 
801 1 |a RU  |b 63413507  |c 20081018  |g PSBO 
801 2 |a RU  |b 63413507  |c 20200130  |g PSBO 
942 |c BK